|
|
|
|
| LEADER |
00000nab#a22000007a#4500 |
| 001 |
arbauad025057 |
| 003 |
AR-BaUAD |
| 005 |
20250711112104.0 |
| 008 |
970224|||||||||###||||||b###|0###a|spa|| |
| 040 |
|
|
|a AR-BaUAD
|c AR-BaUAD
|b spa
|
| 100 |
|
|
|a Tartaro, Giorgio
|
| 245 |
|
|
|a Natanti /
|c Giorgio Tartaro;
|
| 300 |
0 |
|
|b il., plantas, vistas, detalles
|
| 653 |
|
|
|a MEDIOS DE TRANSPORTE
|
| 653 |
|
|
|a TRANSPORTE MARITIMO
|
| 653 |
|
|
|a YATES
|
| 653 |
|
|
|a DISEÑO DE INTERIORES
|
| 653 |
|
|
|a ERGONOMIA
|
| 653 |
|
|
|a MUEBLES
|
| 653 |
|
|
|a MESAS
|
| 653 |
|
|
|a DISEÑO INDUSTRIAL
|
| 773 |
0 |
|
|t MODO
|g no. 176 [dic. 1996], p. 63-64
|
| 942 |
|
|
|c ARTI
|
| 952 |
|
|
|0 0
|1 0
|4 0
|7 0
|9 69976
|a AR-BAuAD
|b AR-BAuAD
|d 2025-07-11
|l 0
|p AAQA025057
|r 2025-07-11 11:21:04
|w 2025-07-11
|y ARTI
|
| 990 |
|
|
|a DI199
|b TD
|
| 998 |
|
|
|a AAQ
|b BIBUN76
|
| 999 |
|
|
|c 49649
|d 49649
|